| 000 | 00721nam a22002177a 4500 | ||
|---|---|---|---|
| 005 | 20230207072027.0 | ||
| 008 | 230207b |||||||| |||| 00| 0 eng d | ||
| 020 | _a978-1-4742-9687-8 | ||
| 082 | _aG.S. 372.86 H39 2018 | ||
| 100 |
_aHowells, Kristy _eauthor |
||
| 245 |
_aMastering primary physical education / _cKristy Howells, Alison Carney, Neil Castle, Rich Little |
||
| 250 | _a1st ed. | ||
| 260 |
_aLondon: _bBloomsbury Publishing, _cc2018 |
||
| 300 |
_axv, 204p: _bill. |
||
| 504 | _aIncludes bibliographies and index | ||
| 541 | _e6361 | ||
| 650 | _aPhysical education - Study and teaching (Elementary) | ||
| 700 |
_aCarney, Alison _eauthor |
||
| 700 |
_aCastle, Neil _eauthor |
||
| 700 |
_aLittle, Rich _eauthor |
||
| 999 |
_c937 _d937 |
||